| 000 | 01249cam a2200313 a 4500 | ||
|---|---|---|---|
| 999 |
_c689 _d689 |
||
| 001 | 12656700 | ||
| 003 | GZU | ||
| 005 | 20200910123807.0 | ||
| 008 | 020125s2002 nju b 001 0 eng | ||
| 010 | _a 2002001081 | ||
| 020 | _a0865439168 (alk. paper) | ||
| 020 | _a0865439176 (pbk.) | ||
| 040 |
_aDLC _cDLC _dDLC |
||
| 043 | _af-nr--- | ||
| 050 | 0 | 0 |
_aDT515.842 _b.E36 2002 |
| 082 | 0 | 0 |
_a966.905/3 _221 |
| 100 | 1 | _aEdozie, Rita Kiki. | |
| 245 | 1 | 0 |
_aPeople power and democracy : _bthe popular movement against military despotism in Nigeria, 1989-1999 / _cby Rita Kiki Edozie. |
| 260 |
_aTrenton, NJ : _bAfrica World Press, _cc2002. |
||
| 300 |
_axiv, 205 p. ; _c22 cm. |
||
| 504 | _aIncludes bibliographical references (p. 143-158) and index. | ||
| 650 | 0 |
_aDemocracy _zNigeria _xHistory _y20th century. |
|
| 650 | 0 |
_aMilitary government _zNigeria _xHistory _y20th century. |
|
| 651 | 0 |
_aNigeria _xPolitics and government _y1984-1993. |
|
| 651 | 0 |
_aNigeria _xPolitics and government _y1993-2007. |
|
| 906 |
_a7 _bcbc _corignew _d1 _eecip _f20 _gy-gencatlg |
||
| 942 |
_2lcc _cBK _h515.842 _iEDO _kDT |
||